000 00981nam a2200277 a 4500
001 BRCA_7517
005 20190320205853.0
008 110513s1945----sp-a###f##---#001-0#spa-#
041 _aspa
044 _asp
050 4 _aN6502
_b.A54 1945
100 1 _aAngulo Iñiguez, Diego
_94279
245 1 0 _aHistoria del Arte Hispanoamericano
_cDiego Angulo Iñiguez, Enrique Marco Dorta y Mario J. Buschiazzo.
260 _aBarcelona
_bSalvat
_c1945
300 _a2 v.
_bil. (algunas a color),
_c26 cm.
500 _aDos ejemplares diferentes inventariados por el Banco de México como un solo libro
500 _aR59
504 _aBibliografia p. 901-930 (v.2)
505 0 _av.1 La arquitectura y la decoración - La escultura.-- v.2 La escultura - La pintura
650 1 4 _aArte hispanoamericano
_918537
650 1 4 _aArte
_xHistoria
_918538
700 1 _aMarco Dorta, Enrique
_ecoaut.
_918539
700 1 _aBuschiazzo, Mario J.
_ecoaut.
_918540
902 _aGFM
942 _2lcc
_cB
999 _c7191
_d7191